000 00395nam a2200157Ia 4500
005 20250923144529.0
008 008 250917s9999 xx 000 0 eng d
037 _aReports
040 _aDSWL
_beng
_cDSWL
041 _aeng
_2eng
084 _qDSWL
245 0 _aTeachers & Co-operation
_cby National Education Association
260 _c1937
942 _cREP
999 _c1440091
_d1440091